International Investments /
Сохранить в:
| Главный автор: | |
|---|---|
| Другие авторы: | |
| Формат: | |
| Язык: | английский |
| Опубликовано: |
Boston, EUA :
Addison-Wesley,
2003, c2003
|
| Редактирование: | 5a edición |
| Серии: | (Addison-Wesley Series in Finance)
|
| Предметы: | |
| Метки: |
Нет меток, Требуется 1-ая метка записи!
|
MARC
| LEADER | 00000nam^a2200000^a^4500 | ||
|---|---|---|---|
| 001 | 000182843 | ||
| 005 | 20250521000000.0 | ||
| 009 | 20260310102020.867 | ||
| 020 | |a 0-201-78568-4 | ||
| 037 | |a Acervo ITESO - Biblioteca | ||
| 041 | |a ING | ||
| 082 | |a 332. 673 |b SOL | ||
| 100 | |a Solnik, Bruno H. |e (autor) | ||
| 245 | 1 | 0 | |a International Investments / |c B.H. Solnik, D.W. McLeavey. |
| 250 | |a 5a edición | ||
| 264 | 4 | |a Boston, EUA : |b Addison-Wesley, |c 2003, c2003 | |
| 300 | |a XXII, 760 p. + |e 1 folleto (13 p) | ||
| 336 | |a texto |b txt |2 rdacontenido | ||
| 337 | |a sin mediación |b n |2 rdamedio | ||
| 338 | |a volumen |b nc |2 rdasoporte | ||
| 440 | 1 | |a (Addison-Wesley Series in Finance) | |
| 649 | |a XX | ||
| 650 | |a Precios | ||
| 650 | |a Inversiones Extranjeras | ||
| 650 | |a Arbitraje Internacional | ||
| 650 | |a Tipo de Cambio | ||
| 650 | |a Divisas | ||
| 650 | |a Acciones (Títulos, Valores) | ||
| 650 | |a Swaps | ||
| 650 | |a Mercado Cambiario | ||
| 650 | |a Futuros (Finanzas) | ||
| 650 | |a Mercado de Valores | ||
| 650 | |a Globalización | ||
| 650 | |a Riesgo Económico | ||
| 650 | |a Prospectiva Económica | ||
| 650 | |a Finanzas Internacionales | ||
| 650 | |a Comercio Internacional | ||
| 650 | |a Economía Internacional | ||
| 700 | |a McLeavey, Dennis W. |e (autor) | ||
| 910 | |a Fondo General | ||
| 920 | |a Impresos - Libros | ||
| 930 | |a Colección General | ||
| 905 | |a 101 | ||
| 901 | |a 0500122561 |b IT1 |c ACC |u 20250521 | ||
| 901 | |a 0500122564 |b IT2 |c FOL |u 20250521 | ||
| 902 | |a https://opac.biblio.iteso.mx/vufind/Record/000182843 | ||